|
|
|
|
| LEADER |
01607nam a2200433 a 4500 |
| 001 |
000704749 |
| 003 |
CZ BrMZK |
| 005 |
20061220125840.0 |
| 007 |
ta |
| 008 |
040129s2003 xr a e p 000 0 eng d |
| 015 |
|
|
|a cnb001302827
|
| 020 |
|
|
|a 80-7040-648-8
|q (brož.)
|
| 035 |
|
|
|a (OCoLC)56872277
|
| 040 |
|
|
|a BOA001
|b cze
|
| 072 |
|
7 |
|a 811.111
|x Angličtina
|2 Konspekt
|9 11
|
| 072 |
|
7 |
|a 37.016
|x Učební osnovy. Vyučovací předměty. Učebnice
|2 Konspekt
|9 22
|
| 080 |
|
|
|a 811.111
|2 MRF
|
| 080 |
|
|
|a 61
|2 MRF
|
| 080 |
|
|
|a 364-78
|2 MRF
|
| 080 |
|
|
|a 81'42'373.46
|2 MRF
|
| 080 |
|
|
|a 81'373.46
|2 MRF
|
| 080 |
|
|
|a (075.8)
|2 MRF
|
| 100 |
1 |
|
|a Bláha, Jan,
|d 1950-
|7 mzk2004217429
|4 aut
|
| 245 |
1 |
0 |
|a English for health and social studies :
|b (professional course) /
|c Jan Bláha
|
| 250 |
|
|
|a 3., upr. vyd.
|
| 260 |
|
|
|a V Českých Budějovicích :
|b Jihočeská univerzita, Zdravotně sociální fakulta,
|c 2003
|
| 300 |
|
|
|a 230 s. :
|b il. ;
|c 30 cm
|
| 500 |
|
|
|a 100 výt.
|
| 504 |
|
|
|a Obsahuje bibliografii
|
| 650 |
0 |
7 |
|a angličtina
|7 ph114056
|2 czenas
|
| 650 |
0 |
7 |
|a lékařství
|7 ph115195
|2 czenas
|
| 650 |
0 |
7 |
|a sociální práce
|7 ph125805
|2 czenas
|
| 650 |
0 |
7 |
|a odborné texty
|7 ph123679
|2 czenas
|
| 650 |
0 |
7 |
|a oborová terminologie
|7 ph138998
|2 czenas
|
| 655 |
|
7 |
|a učebnice vysokých škol
|7 fd133772
|2 czenas
|
| 856 |
4 |
1 |
|u http://www.digitalniknihovna.cz/mzk/uuid/uuid:bf4c7160-2698-11e4-8e0d-005056827e51
|y Digitalizovaný dokument
|x NDK
|
| 910 |
|
|
|a BOA001
|b 3-1129.190
|
| 990 |
|
|
|a BK
|
| 996 |
6 |
|
|b 2610211031
|c 3-1129.190
|l MZK
|r Sklad / do 1 hodiny
|n 1
|p p.v.
|w 000704749
|u 000010
|a 1
|e BOA001
|j MZK50
|s P
|